Un balance de la experiencia de planeación participativa de nivel local en la ciudad de México: 1998-2000 /

Sparad:
Bibliografiska uppgifter
Huvudupphovsman: Ziccardi, Alicia
Materialtyp: Text
Ämnen:
Taggar: Lägg till en tagg
Inga taggar, Lägg till första taggen!

MARC

LEADER 00000 a a2200000 04500
001 8970
003
040
100 |a Ziccardi, Alicia  
245 |a Un balance de la experiencia de planeación participativa de nivel local en la ciudad de México: 1998-2000 /  |c Alicia Ziccardi 
650 |a PLANIFICACION LOCAL  
650 |a PLANIFICACION SOCIAL  
650 |a PLANO LOCAL  
773 |g número 185; páginas 73-80  
999 |c 24776  |d 24776